Ang Unang Baboy sa Langit / (Record no. 306085)
[ view plain ]
| 000 -LEADER | |
|---|---|
| fixed length control field | 00614nam a2200217Ia 4500 |
| 008 - FIXED-LENGTH DATA ELEMENTS--GENERAL INFORMATION | |
| fixed length control field | 170203s9999 xx 000 0 und d |
| 020 ## - INTERNATIONAL STANDARD BOOK NUMBER | |
| International Standard Book Number | 9711900610 |
| 050 ## - LIBRARY OF CONGRESS CALL NUMBER | |
| Classification number | Fic |
| 050 ## - LIBRARY OF CONGRESS CALL NUMBER | |
| Item number | .V718f 1990 |
| 100 ## - MAIN ENTRY--PERSONAL NAME | |
| Personal name | Villanueva, Rene O. |
| 245 ## - TITLE STATEMENT | |
| Title | Ang Unang Baboy sa Langit / |
| 245 ## - TITLE STATEMENT | |
| Statement of responsibility, etc | Rene O Villanueva; edited by Ibarra Cruz Crisostomo. |
| 260 ## - PUBLICATION, DISTRIBUTION, ETC. (IMPRINT) | |
| Place of publication, distribution, etc | Philippines : |
| 260 ## - PUBLICATION, DISTRIBUTION, ETC. (IMPRINT) | |
| Name of publisher, distributor, etc | Cacho Publishing House, Inc. |
| 260 ## - PUBLICATION, DISTRIBUTION, ETC. (IMPRINT) | |
| Date of publication, distribution, etc | 1990 |
| 300 ## - PHYSICAL DESCRIPTION | |
| Extent | 20 pages : |
| 300 ## - PHYSICAL DESCRIPTION | |
| Other physical details | Colored Illustrations included, |
| 300 ## - PHYSICAL DESCRIPTION | |
| Dimensions | 26 X 18 cm |
| 440 ## - SERIES STATEMENT/ADDED ENTRY--TITLE | |
| Title | CPHI Trampoline Series. |
| 500 ## - GENERAL NOTE | |
| General note | In Tagalog and English. |
| Withdrawn status | Lost status | Damaged status | Home library | Current library | Shelving location | Date acquired | Total Checkouts | Full call number | Barcode | Date last seen | Price effective from | Koha item type |
|---|---|---|---|---|---|---|---|---|---|---|---|---|
| Stonyhurst Southville International School (Batangas) | Stonyhurst Southville International School (Batangas) | 02/03/2017 | Fic .V718f 1990 | LS-4015 | 02/03/2017 | 02/03/2017 | Books |